|
|
|
|
| LEADER |
01634nam a2200397 i 4500 |
| 001 |
EBC4340047 |
| 003 |
MiAaPQ |
| 005 |
20200520144314.0 |
| 006 |
m o d | |
| 007 |
cr cnu|||||||| |
| 008 |
160226t20152015enk ob 001 0 eng d |
| 020 |
|
|
|z 9781783740338
|
| 020 |
|
|
|a 9781783740345 (e-book)
|
| 035 |
|
|
|a (MiAaPQ)EBC4340047
|
| 035 |
|
|
|a (Au-PeEL)EBL4340047
|
| 035 |
|
|
|a (CaPaEBR)ebr11152788
|
| 035 |
|
|
|a (OCoLC)939265261
|
| 040 |
|
|
|a MiAaPQ
|b eng
|e rda
|e pn
|c MiAaPQ
|d MiAaPQ
|
| 050 |
|
4 |
|a BJ37
|b .V455 2015
|
| 082 |
0 |
|
|a 171.7
|2 23
|
| 100 |
1 |
|
|a Velleman, J. David,
|e author.
|
| 245 |
1 |
0 |
|a Foundations for moral relativism /
|c J. David Velleman.
|
| 264 |
|
1 |
|a Cambridge, England :
|b Open Book Publishers,
|c 2015.
|
| 264 |
|
4 |
|c 2015
|
| 300 |
|
|
|a 1 online resource (158 pages)
|
| 336 |
|
|
|a text
|2 rdacontent
|
| 337 |
|
|
|a computer
|2 rdamedia
|
| 338 |
|
|
|a online resource
|2 rdacarrier
|
| 504 |
|
|
|a Includes bibliographical references and index.
|
| 588 |
|
|
|a Description based on online resource; title from PDF title page (ebrary, viewed February 26, 2016).
|
| 590 |
|
|
|a Electronic reproduction. Ann Arbor, MI : ProQuest, 2016. Available via World Wide Web. Access may be limited to ProQuest affiliated libraries.
|
| 650 |
|
0 |
|a Ethical relativism.
|
| 655 |
|
4 |
|a Electronic books.
|
| 776 |
0 |
8 |
|i Print version:
|a Velleman, J. David.
|t Foundations for moral relativism.
|b Second expanded edition.
|d Cambridge, England : Open Book Publishers, c2015
|h xi, 141 pages
|z 9781783740338
|
| 797 |
2 |
|
|a ProQuest (Firm)
|
| 856 |
4 |
0 |
|u https://ebookcentral.proquest.com/lib/matrademy/detail.action?docID=4340047
|z Click to View
|